<?xml version="1.0" encoding="UTF-8"?>
<record
    xmlns:xsi="http://www.w3.org/2001/XMLSchema-instance"
    xsi:schemaLocation="http://www.loc.gov/MARC21/slim http://www.loc.gov/standards/marcxml/schema/MARC21slim.xsd"
    xmlns="http://www.loc.gov/MARC21/slim">

  <leader>00635nam a22001937a 4500</leader>
  <controlfield tag="005">20240108143413.0</controlfield>
  <datafield tag="010" ind1=" " ind2=" ">
    <subfield code="a">ENG-138820</subfield>
  </datafield>
  <datafield tag="020" ind1=" " ind2=" ">
    <subfield code="a">978-93-90951-75-38</subfield>
    <subfield code="c">800.00</subfield>
  </datafield>
  <datafield tag="035" ind1=" " ind2=" ">
    <subfield code="a">EN-122352</subfield>
  </datafield>
  <datafield tag="037" ind1=" " ind2=" ">
    <subfield code="b">DBAD/PUB</subfield>
  </datafield>
  <datafield tag="082" ind1=" " ind2=" ">
    <subfield code="a">152.42</subfield>
  </datafield>
  <datafield tag="245" ind1=" " ind2=" ">
    <subfield code="a">Mental Health and Well-beng New Paadigms/</subfield>
    <subfield code="c">edited by Santosh Dhar, Shubhi Vyas and Sandeep Pandey</subfield>
  </datafield>
  <datafield tag="260" ind1=" " ind2=" ">
    <subfield code="a">Noida</subfield>
    <subfield code="b">Allied Publishers Pvt. Ltd.</subfield>
    <subfield code="c">2023</subfield>
  </datafield>
  <datafield tag="270" ind1=" " ind2=" ">
    <subfield code="a">D-5, Sector-2, Noida-201 301</subfield>
  </datafield>
  <datafield tag="300" ind1=" " ind2=" ">
    <subfield code="a">228p.</subfield>
    <subfield code="c">25cm(Hbk)</subfield>
  </datafield>
  <datafield tag="700" ind1=" " ind2=" ">
    <subfield code="9">60332</subfield>
  </datafield>
  <datafield tag="710" ind1=" " ind2=" ">
    <subfield code="a">Santosh Dhar, Subhi Vyas and Sandeep Pandey</subfield>
    <subfield code="e">Editors</subfield>
    <subfield code="9">60735</subfield>
  </datafield>
  <datafield tag="942" ind1=" " ind2=" ">
    <subfield code="2">ddc</subfield>
    <subfield code="c">EN</subfield>
    <subfield code="h">152.42</subfield>
    <subfield code="m">Men</subfield>
  </datafield>
  <datafield tag="999" ind1=" " ind2=" ">
    <subfield code="c">200030</subfield>
    <subfield code="d">200030</subfield>
  </datafield>
  <datafield tag="952" ind1=" " ind2=" ">
    <subfield code="0">0</subfield>
    <subfield code="1">0</subfield>
    <subfield code="4">0</subfield>
    <subfield code="7">0</subfield>
    <subfield code="8">NFIC</subfield>
    <subfield code="a">TN</subfield>
    <subfield code="b">TN</subfield>
    <subfield code="d">2024-01-08</subfield>
    <subfield code="e">DBAD/PUB</subfield>
    <subfield code="g">800.00</subfield>
    <subfield code="l">0</subfield>
    <subfield code="o">152.42 MEN</subfield>
    <subfield code="p">EN-122352</subfield>
    <subfield code="r">2024-01-08 00:00:00</subfield>
    <subfield code="t">1</subfield>
    <subfield code="v">800.00</subfield>
    <subfield code="w">2024-01-08</subfield>
    <subfield code="y">EN</subfield>
  </datafield>
</record>
